Statystyki dla Wąsate zwierzę?

Kliknij tutaj aby rozwiązać quiz!

Ogólne statystyki

  • Ten quiz został rozwiązany 116 razy
  • Średni wynik to 4 z 7

Statystyki odpowiedzi

HintOdpowiedź% Poprawnych
3.Kot
98%
2.Pies
89%
4.Mysz
65%
1.Sum
65%
5.Foka
32%
6.Mors
27%
7.Wiewiórka
6%

Rozkład punktacji

Percentyl według liczby udzielonych odpowiedzi

Procent ludzi z każdym wynikiem

Twoja historia wyników

Nie rozwiązałeś tego quizu